| 000 | 00759cam a2200217 4500 | ||
|---|---|---|---|
| 001 | WB3634-17 | ||
| 008 | 000000n2000 000 0 eng u | ||
| 035 | _a(Sirsi) u108052 | ||
| 245 | _aIrish house price inflation soars | ||
| 260 | _c2000 | ||
| 490 |
_aIrish Times _v28 August 2000, 20(1) |
||
| 520 | _aAccording to the Bank of International Settlements, house and commercial property inflation in the Republic of Ireland has soared above other world economies during the period 1995 to 1999. | ||
| 590 | _aWB | ||
| 650 | _aREPUBLIC OF IRELAND | ||
| 650 | _aHOUSE PRICES | ||
| 650 | _aINFLATION | ||
| 650 | _aPROPERTY-COMMERCIAL PROPERTY | ||
| 650 | _aREAL ESTATE | ||
| 690 | _aMANAGEMENT-BUSINESS MANAGEMENT-FINANCIAL MANAGEMENT | ||
| 942 | _n0 | ||
| 999 |
_c64551 _d64551 |
||